000 00597nam a22002297a 4500
005 20170124110123.0
010 _a967814
020 _c00.00
035 _a967814
037 _bCen Lib/Ret
040 _aDPL
_bEN
082 _aN
_bWEB
100 _aWebb, Mary
_927744
245 _aThe golden arrow /
_cby Mary Webb
246 _b
260 _bLondon
_aJonathan Cape
_c1946
270 _bLondon
_a30 Bedford Square
300 _a288p.
_c18cm(Hb)
650 _aMan-woman relationships -- Fiction
_930931
650 _aShropshire (England) -- Fiction
_930932
942 _2ddc
_cEN
_hN
_mWEB
999 _c131129
_d131129